Managing corporate wealth : The operation of a comprehensive financial goals system

Salvato in:
Dettagli Bibliografici
Autore principale: Donaldson, Gordon
Natura: Libro
Lingua:Undetermined
Pubblicazione: New York Praeger Special Studies 1984
Soggetti:
Tags: Aggiungi Tag
Nessun Tag, puoi essere il primo ad aggiungerne! !
Thư viện lưu trữ: Trung tâm Học liệu Trường Đại học Cần Thơ
LEADER 00601nam a2200217Ia 4500
001 CTU_86154
008 210402s9999 xx 000 0 und d
082 |a 658.1 
082 |b D676 
100 |a Donaldson, Gordon 
245 0 |a Managing corporate wealth : 
245 4 |b The operation of a comprehensive financial goals system 
245 0 |c Gordon Donaldson 
260 |a New York 
260 |b Praeger Special Studies 
260 |c 1984 
650 |a Corporations 
650 |x Finance 
650 |z United states 
904 |i Năm 
980 |a Trung tâm Học liệu Trường Đại học Cần Thơ